[Event "FIDE World Bl Team Pool E"]
[Site "Almaty"]
[Date "2024.08.05"]
[Round "7.21"]
[White "Agibileg, Uurtsaikh"]
[Black "Aitzhan, Karim"]
[Result "1-0"]
[WhiteElo "2411"]
[BlackElo "1706"]
[PlyCount "83"]
[EventDate "2024.08.05"]
[EventType "team (blitz)"]
[EventRounds "7"]
[EventCountry "KAZ"]
[SourceTitle "CBM 221 Extra"]
[Source "ChessBase"]
[SourceDate "2024.09.30"]
[SourceVersion "1"]
[SourceVersionDate "2024.09.30"]
[SourceQuality "1"]
[WhiteTeam "Hunnu Air"]
[BlackTeam "Chess Star"]
[WhiteTeamCountry "MGL"]
[BlackTeamCountry "KAZ"]

1. d4 d5 2. c4 dxc4 3. e4 e5 4. Nf3 exd4 5. Bxc4 Be6 6. Bxe6 fxe6 7. Qb3 Qd7 8. Qxb7 Qc6 9. Qc8+ Ke7 10. Bg5+ Nf6 11. Nxd4 Qxe4+ 12. Be3 Nbd7 13. Qxc7 Qxg2 14. Rf1 Kf7 15. Nc3 Bc5 16. 0-0-0 Rhc8 17. Qg3 Qxg3 18. fxg3 Ne5 19. Nc2 Ke7 20. Bf4 Nc4 21. Rfe1 Kf7 22. Kb1 a5 23. Na4 Ra6 24. b3 Nb6 25. Nxc5 Rxc5 26. Rd6 a4 27. Rexe6 axb3 28. axb3 Rb5 29. Nd4 Rb4 30. Be5 Ne4 31. Rc6 Nd2+ 32. Kc2 Ne4 33. Rc7+ Kf8 34. Bd6+ Nxd6 35. Rxd6 Ra2+ 36. Kc3 Nd5+ 37. Rxd5 Rb8 38. Ne6+ Kg8 39. Rxg7+ Kh8 40. Rh5 Rc8+ 41. Kd3 Rc3+ 42. Kxc3 1-0

[Event "FIDE World Bl Team Pool E"]
[Site "Almaty"]
[Date "2024.08.05"]
[Round "5.4"]
[White "Aitzhan, Karim"]
[Black "Sadvakasov, Darmen"]
[Result "0-1"]
[WhiteElo "1706"]
[BlackElo "2629"]
[PlyCount "68"]
[EventDate "2024.08.05"]
[EventType "team (blitz)"]
[EventRounds "7"]
[EventCountry "KAZ"]
[SourceTitle "CBM 221 Extra"]
[Source "ChessBase"]
[SourceDate "2024.09.30"]
[SourceVersion "1"]
[SourceVersionDate "2024.09.30"]
[SourceQuality "1"]
[WhiteTeam "Chess Star"]
[BlackTeam "Kazchess"]
[WhiteTeamCountry "KAZ"]
[BlackTeamCountry "KAZ"]

1. c4 Nf6 2. Nc3 e5 3. g3 Bb4 4. Bg2 0-0 5. Nf3 Nc6 6. 0-0 e4 7. Ng5 Bxc3 8. dxc3 Re8 9. Nh3 h6 10. Nf4 b6 11. Nd5 Bb7 12. Bf4 d6 13. Qd2 Ne5 14. b3 a5 15. Rad1 a4 16. Bxh6 gxh6 17. Qxh6 Bxd5 18. cxd5 Ng6 19. f4 exf3 20. Rxf3 Ng4 21. Qh5 N4e5 22. Rf5 axb3 23. axb3 Kg7 24. Rdf1 Rh8 25. Qg5 Qxg5 26. Rxg5 Ra3 27. Be4 Rxb3 28. h4 f6 29. Rgf5 Rf8 30. h5 Ne7 31. R5f4 Rxc3 32. Kg2 f5 33. Bb1 Nxd5 34. Rh4 Ne3+ 0-1

[Event "Wch U08"]
[Site "Batumi"]
[Date "2022.09.23"]
[Round "7"]
[White "Aitzhan, Karim"]
[Black "Xu, Ryan1"]
[Result "0-1"]
[WhiteElo "1180"]
[BlackElo "1590"]
[PlyCount "78"]
[EventDate "2022.09.16"]
[EventType "swiss"]
[EventRounds "11"]
[EventCountry "GEO"]
[SourceTitle "EXT 2023"]
[Source "ChessBase"]
[SourceDate "2022.10.05"]
[SourceVersion "1"]
[SourceVersionDate "2022.10.05"]
[SourceQuality "1"]

1. e4 c5 2. Nc3 Nc6 3. g3 g6 4. Bg2 Bg7 5. d3 d6 6. Bg5 h6 7. Be3 Nf6 8. h3 0-0 9. Qd2 Nd4 10. Nge2 e5 11. 0-0 Bxh3 12. f3 Bxg2 13. Kxg2 h5 14. Nd1 Ne6 15. Rh1 Nh7 16. Nf2 f5 17. exf5 Rxf5 18. g4 hxg4 19. fxg4 Rf7 20. Ne4 d5 21. Nxc5 Nxc5 22. Bxc5 Qc8 23. Bf2 Qxg4+ 24. Ng3 Ng5 25. Raf1 Raf8 26. Qe3 d4 27. Qe1 Qf3+ 28. Kg1 Qd5 29. Qd1 Nf3+ 30. Kg2 Nd2+ 31. Kg1 Nxf1 32. Qxf1 Rxf2 33. Qh3 R2f6 34. Qh7+ Kf7 35. Ne4 Rf5 36. Rh6 Qc6 37. Ng3 Rh8 38. Qxh8 Bxh8 39. Rxh8 Rg5 0-1